00706nam a2200133Ia 4500001000700000008004100007100002900048245021500077260003200292300001000324502007600334650012000410700004200530Z_3910220601s9999 xx 000 0 und d aLópez Miguel, Fabián aEstudio de factibilidad técnica financiera para el establecimiento de una planta de alimentos balanceados en la Universidad Autóno Chapingo / por Fabián López Miguel y Roberto Arturo Suárez Sánchez aChapingo, Méx. : El autor a64 h. aTesis (Ing. Agr. Esp. en Zootecnia) -- UACH. Departamento de Zootecnia a1. Finanzas - Evaluación 2. Proyectos - Evaluación 3. Alimentos balanceados4. Análisis de costos y beneficio aSuárez Sánchez, Roberto ArturoÌ